| 000 | 01529cam a22002891i 4500 | ||
|---|---|---|---|
| 003 | SA-RiAUC | ||
| 005 | 20250609092130.0 | ||
| 008 | 250609s1996 su g 000r0bara c | ||
| 040 |
_aSA-RiAUC _bara _cSA-RiAUC _erda |
||
| 082 | 0 | 4 |
_a239 _qSA-RiAUC |
| 090 |
_a239 _bا ب ن خ |
||
| 100 | 1 |
_aابن الخيضري، محمد بن محمد بن عبد الله، _d821-894 هجري _eمؤلف. |
|
| 245 | 1 | 0 |
_aكتاب اللفظ المكرم بخصائص النبي صلى الله عليه وسلم / _cتأليف محمد بن محمد بن عبد الله الخيضري ؛ تحقيق ودراسة وتوثيق محمد الأمين بن محمد محمود بن أحمد المولود الجكني. |
| 246 | 3 | 0 | _aاللفظ المكرم بخصائص النبي صلى الله عليه وسلم |
| 250 | _aالطبعة الأولى. | ||
| 264 | 1 |
_aالمدينة المنورة : _bمحمد الأمين الجكني، _c1996 |
|
| 264 | 3 |
_aالقاهرة : _bمطابع ابن تيمية |
|
| 300 |
_a2 مجلد ؛ _c24 سم |
||
| 336 |
_aنص _btxt _2rdacontent _3كتاب |
||
| 337 |
_aبدون وسيط _bn _2rdamedia |
||
| 338 |
_aمجلد _bnc _2rdacarrier |
||
| 600 | 0 | 7 |
_aمحمد (صلى الله عليه وسلم)، _d53 قبل الهجرة-11 هجري _2aucnm |
| 650 | 7 |
_aالسيرة النبوية _2aucsh |
|
| 700 | 1 |
_aالشنقيطي، محمد الأمين بن محمد المختار بن عبد القادر، _d1907-1973 _eمحقق. |
|
| 942 |
_2ddc _cBOOK |
||
| 949 |
_aSA-JeALM _d250609 _ukhaled123 _n1 |
||
| 999 |
_c8748 _d8748 |
||